000 01918cam a22004814i 4500
003 PE-LiUPU
005 20250731184529.0
008 150623s r 000 0 d
020 _a1575060132
035 _a(Sirsi) i9781575060132
040 _aPE-LiUPU
_bspa
_cPE-LiUPU
_erda
049 _aPRUA
082 0 4 _a939.400 72
_bV28
_221
100 1 _aVan Seters, John,
_eautor.
245 1 0 _aIn search of history :
_bhistoriography in the ancient world and the origins of biblical history /
_cJohn Van Seters.
264 1 _aWinona Lake, Indiana :
_bEisenbrauns,
_c1997.
300 _a399 páginas ;
_c23 centímetros
336 _atext
_2rdacontent
337 _aunmediated
_2rdamedia
338 _avolume
_2rdacarrier
504 _aIncluye bibliografía.
505 0 _aIntroducción. -Early Greek historigraphy. -Mesopotamian historiography. -Hittite historiography. -Egyptian historiography. -Texts and inscriptions of the levant. -Israelita historiography. -Historiography in the books of Samuel. -Structure, genre, and theme in the books of kings. -The deuteronomist from jeshua to Samuel.
526 _aP136
526 _aP135
526 _aP134
526 _aP133
526 _aP144
526 _aP143
526 _aP87
526 _aP35
526 _aP20
526 _aP14
526 _aP10
526 _aP06
630 _aBiblia.
_pA.T.
_pLibros históricos
_xCrítica, interpretación, etc.
651 _aCercano Oriente
_xHistoria
_y622
_vHistoriografía.
942 _2ddc
_cBOOK
949 _a939.400 72 V28
_wDEWEY
_c1
_i44858
_lCCODEBUL1
_mBUL
_r0
_sY
_tBOOK
_u2015-6-24
_xTEOLOGIA
_PP35
_0COMPRA
_o.STAFF. Colección General
994 _aC0
_bPEPRU
596 _a1
999 _a939.400 72 V28
_wDEWEY
_c21732
_i44858
_f2021-11-11
_g5
_lCCODEBUL1
_mBUL
_r0
_sY
_tBOOK
_u2015-6-24
_xTEOLOGIA
_PP35
_0COMPRA
_o.STAFF. Colección General
_d21732
980 _81
_gALBERTO SANCHEZ Responsable de Automatización